| 000 | 00804cab a2200265 4500 | ||
|---|---|---|---|
| 001 | ABS49106 | ||
| 008 | 090401t1993 xxu||||| |||| 00| 0 eng d | ||
| 035 | _a(Sirsi) u70017 | ||
| 041 | _aeng | ||
| 100 | _aKodikara, G.W. | ||
| 245 | 4 | _aThe use of Bills of Quantities in building contractor organisations | |
| 260 | _c1993 | ||
| 350 | _a0 | ||
| 490 |
_aConstruction Management & Economics _v11(4) July 1993, 261-169(9) |
||
| 520 | _aIdentifies contractors` current use of Bills of Quantities for post-tender based on eight case studies. | ||
| 650 | _aBILLS OF QUANTITIES | ||
| 650 | _aESTIMATING | ||
| 650 | _aEXTENT OF USE | ||
| 650 | _aREWORKING | ||
| 690 | _aBUILT ENVIRONMENT-BUILDING COSTS | ||
| 700 | _aThorpe, A. | ||
| 700 | _aMcCaffer, R. | ||
| 942 | _n0 | ||
| 948 | _c04/03/1997 | ||
| 999 |
_c44042 _d44042 |
||